[Event "Karl Mala Memorial op-A 16th"]
[Site "Frankfurt"]
[Date "2013.07.13"]
[Round "5"]
[White "Bingert, Tim Niklas"]
[Black "Rosenberger, Frank"]
[Result "1-0"]
[WhiteElo "2020"]
[BlackElo "2137"]
[PlyCount "105"]
[EventDate "2013.07.11"]
[EventType "swiss"]
[EventRounds "7"]
[EventCountry "GER"]
[SourceTitle "EXT 2014"]
[Source "ChessBase"]
[SourceDate "2013.11.20"]
[SourceVersion "1"]
[SourceVersionDate "2013.11.20"]
[SourceQuality "1"]

1. e4 e6 2. d4 d5 3. Nd2 Nf6 4. e5 Nfd7 5. Bd3 c5 6. c3 Nc6 7. Ne2 cxd4 8. cxd4 f6 9. exf6 Qxf6 10. Nf3 Bd6 11. Bg5 Qf7 12. 0-0 e5 13. dxe5 Ndxe5 14. Nxe5 Bxe5 15. Qd2 0-0 16. Bh4 Be6 17. Bg3 Rad8 18. Bxe5 Nxe5 19. Nd4 Nxd3 20. Qxd3 Bf5 21. Qd2 Qg6 22. Rac1 Rd7 23. Rc3 Be4 24. f3 Qf6 25. Rfc1 Bg6 26. Rc7 Rfd8 27. Qe3 Rxc7 28. Rxc7 Re8 29. Qd2 h6 30. b3 Qb6 31. Rc1 Kh7 32. a4 a5 33. Qc3 Qd8 34. Re1 Rxe1+ 35. Qxe1 Qf6 36. Qe3 Qd6 37. g3 Qf6 38. Kf2 Qd6 39. Qd2 Qe5 40. Qe3 Qd6 41. Kg2 Qf6 42. h4 Qd6 43. g4 h5 44. g5 Qa3 45. Qc3 Qd6 46. Qxa5 Qf4 47. Qxd5 Qxh4 48. Qe5 Bf7 49. a5 g6 50. b4 Kg8 51. b5 Bc4 52. a6 bxa6 53. b6 1-0

[Event "Karl Mala Memorial op-A 16th"]
[Site "Frankfurt"]
[Date "2013.07.12"]
[Round "3"]
[White "Bingert, Tim Niklas"]
[Black "Dittmar, Lars"]
[Result "1-0"]
[WhiteElo "2020"]
[BlackElo "1764"]
[PlyCount "125"]
[EventDate "2013.07.11"]
[EventType "swiss"]
[EventRounds "7"]
[EventCountry "GER"]
[SourceTitle "EXT 2014"]
[Source "ChessBase"]
[SourceDate "2013.11.20"]
[SourceVersion "1"]
[SourceVersionDate "2013.11.20"]
[SourceQuality "1"]

1. e4 c5 2. Nf3 Nc6 3. d4 cxd4 4. Nxd4 g6 5. c4 Bg7 6. Be3 Nf6 7. Nc3 0-0 8. Be2 d6 9. 0-0 a6 10. f3 Bd7 11. Qd2 Re8 12. b3 Rc8 13. Rac1 Nxd4 14. Bxd4 Bc6 15. Rc2 Nd7 16. Be3 Nc5 17. Rb1 a5 18. Bf1 b6 19. Qf2 Rb8 20. Nd5 e6 21. Nc3 Qe7 22. a3 Rec8 23. b4 axb4 24. axb4 Na4 25. Nxa4 Bxa4 26. Ra2 b5 27. c5 dxc5 28. bxc5 Qe8 29. Bd4 Rd8 30. Bxg7 Kxg7 31. Rab2 Qc6 32. Rb4 Kg8 33. Rc1 Rd7 34. Rd4 Rbd8 35. Rxd7 Rxd7 36. Qb2 Rd8 37. Qb4 Rc8 38. Qd4 Rc7 39. h4 Rd7 40. Qb2 h5 41. Be2 Rc7 42. Kf2 Qd7 43. g3 Qc6 44. Ke3 Rd7 45. f4 Rd8 46. Qc3 Qc7 47. e5 Kg7 48. Bf3 Qa7 49. Ke2 Qa6 50. Qb4 Qc8 51. c6 Qc7 52. Be4 Kg8 53. Rc3 Bd1+ 54. Ke3 Qa7+ 55. Qc5 Qa2 56. Bd3 Qg2 57. c7 Qf3+ 58. Kd2 Rc8 59. Bxb5 Qb7 60. Kxd1 Qh1+ 61. Kc2 Qg2+ 62. Kb3 Qb7 63. Qc6 1-0

[Event "Rhein Main op-A 16th"]
[Site "Bad Homburg"]
[Date "2013.05.31"]
[Round "4"]
[White "Bingert, Tim Niklas"]
[Black "Wichmann, Adrian"]
[Result "1/2-1/2"]
[WhiteElo "2020"]
[BlackElo "1757"]
[PlyCount "164"]
[EventDate "2013.05.29"]
[EventType "swiss"]
[EventRounds "7"]
[EventCountry "GER"]
[SourceTitle "EXT 2014"]
[Source "ChessBase"]
[SourceDate "2013.11.20"]
[SourceVersion "1"]
[SourceVersionDate "2013.11.20"]
[SourceQuality "1"]

1. e4 c5 2. Nf3 g6 3. d4 cxd4 4. Nxd4 Bg7 5. c4 Nc6 6. Be3 Nf6 7. Nc3 d6 8. Be2 Bd7 9. 0-0 0-0 10. f3 a6 11. Qd2 Qc7 12. Rac1 Ne5 13. b3 Bc6 14. Rc2 e6 15. Rd1 Rfd8 16. Nd5 Bxd5 17. cxd5 Qe7 18. dxe6 fxe6 19. Qa5 Nf7 20. Rc7 Rd7 21. Rxd7 Qxd7 22. Nb5 Rc8 23. Na3 Rc6 24. Nc4 Ne8 25. Bf1 Qe7 26. a4 Nf6 27. Qb4 Bf8 28. Na5 Rc7 29. Bb6 Rd7 30. Bf2 d5 31. Qxe7 Bxe7 32. exd5 exd5 33. Bd4 Ne8 34. Rc1 Bd8 35. b4 Ng5 36. Nb3 Ne6 37. Nc5 Nxc5 38. Bxc5 Kf7 39. b5 axb5 40. Bxb5 Rc7 41. Ba3 Rxc1+ 42. Bxc1 Bb6+ 43. Kf1 Nd6 44. Bd3 Ke6 45. g4 Ke5 46. Ke2 Bg1 47. h4 Bd4 48. Bg5 Ke6 49. Bc2 Bf6 50. Bxf6 Kxf6 51. Ke3 b5 52. Kd4 bxa4 53. Bxa4 Nc4 54. Bc6 g5 55. Bxd5 Nd6 56. hxg5+ Kxg5 57. Ke5 Ne8 58. Be6 Kg6 59. f4 Kg7 60. Kf5 h6 61. Bd7 Nf6 62. Bc6 Ng8 63. Ke6 Nf6 64. Bf3 Nh7 65. Be4 Nf6 66. Bf5 Ng8 67. Kd6 Nf6 68. Ke5 Ng8 69. Ke6 Nf6 70. g5 hxg5 71. fxg5 Nh5 72. Ke5 Ng3 73. Bd3 Nh5 74. Kf5 Kh8 75. Bc4 Ng7+ 76. Kg6 Ne8 77. Bb3 Nd6 78. Bd5 Ne8 79. Kh6 Ng7 80. g6 Nf5+ 81. Kg5 Ne7 82. Kf6 Nxg6 1/2-1/2